01747 2200301 4500001002100000005001500021035002000036007000300056008004100059020002200100100002500122245016200147250002200309700003200331700002600363336002100389337003000410338002300440264003600463300004500499082001000544084001600554650002100570650001700591600001700608520080300625990001701428INLIS00000000150483720260624101754 a0010-0626000032ta260624 g 0 ind  a978-602-9682-49-60 aIndah S.YePengarang1 aKeajaiban kulit buah :bTumpas tuntas penyakit (kanker, diabetes, ginjal, Hepatitis, kolesterol, jantung) /cIndah S.Y , Bagus Supriyanto ; editor, Meta Chan aCet. 1, Juni 20130 aBagus SupriyantoePengarang0 aMeta ChanePenyunting 2rdacontentateks 2rdamediaatanpa perantara 2rdacarrieravolume aSurabaya :bTribun Media,c2013 aviii, 140 halaman :bilustrasi ;c23 cm. a615.8 a615.8 IND k 4aObat Tradisional 4aTanaman Obat 4aTerapi Alami aBuku ini mengupas rahasia medis di balik bagian buah yang sering dibuang, yaitu kulit buah. Penulis menjelaskan bahwa kulit buah sering kali menyimpan kandungan antioksidan, vitamin, dan senyawa aktif yang jauh lebih tinggi daripada daging buahnya.Buku panduan ini berfokus pada metode penyembuhan alami (herbal) untuk mengatasi berbagai penyakit kronis yang mematikan secara tuntas. Buku ini menyediakan solusi herbal dari kulit buah untuk mendetoksifikasi dan menyembuhkan penyakit berikut:Kanker: Menghambat pertumbuhan sel tumor dan kanker.Diabetes: Menstabilkan kadar gula darah dalam tubuh.Gangguan Ginjal: Membantu fungsi filtrasi dan regenerasi sel ginjal.Hepatitis: Mengurangi peradangan pada organ hati.Kolesterol & Jantung: Melancarkan penyumbatan darah dan menurunkan kolesterol jahat. a2022/HD/0512